[Event "Hollywood Classic 3rd"]
[Site "Los Angeles"]
[Date "2022.08.06"]
[Round "7"]
[White "Kavutskiy, Konstantin"]
[Black "Zhu, Jack Q"]
[Result "1/2-1/2"]
[WhiteElo "2401"]
[BlackElo "2372"]
[PlyCount "74"]
[EventDate "2022.08.03"]
[EventType "swiss"]
[EventRounds "9"]
[EventCountry "USA"]
[SourceTitle "CBM 209 Extra"]
[Source "ChessBase"]
[SourceDate "2022.09.30"]
[SourceVersion "1"]
[SourceVersionDate "2022.09.30"]
[SourceQuality "1"]

1. d4 Nf6 2. c4 g6 3. Nc3 Bg7 4. e4 d6 5. h3 0-0 6. Be3 c5 7. d5 a6 8. a4 e6 9. Nf3 exd5 10. cxd5 Re8 11. Nd2 Nxe4 12. Ncxe4 f5 13. Be2 fxe4 14. Nc4 Bf8 15. h4 Nd7 16. Bg5 Qc7 17. Qd2 Rb8 18. h5 b5 19. axb5 axb5 20. Na5 Ne5 21. hxg6 Bf5 22. Rxh7 Qc8 23. Bf6 Bxg6 24. Rh8+ Kf7 25. Bxe5 dxe5 26. Nc6 Ra8 27. Rxa8 Qxa8 28. Qg5 Bg7 29. Nd8+ Rxd8 30. Rxd8 Qa5+ 31. Kd1 Qa4+ 32. Kd2 e3+ 33. fxe3 Qa5+ 34. Kd1 Qa1+ 35. Kd2 Qa5+ 36. Kd1 Qa1+ 37. Kd2 Qa5+ 1/2-1/2

[Event "Hollywood Classic 3rd"]
[Site "Los Angeles"]
[Date "2022.08.04"]
[Round "3"]
[White "Tiglon, Bryce"]
[Black "Zhu, Jack Q"]
[Result "1/2-1/2"]
[WhiteElo "2397"]
[BlackElo "2372"]
[PlyCount "132"]
[EventDate "2022.08.03"]
[EventType "swiss"]
[EventRounds "9"]
[EventCountry "USA"]
[SourceTitle "CBM 209 Extra"]
[Source "ChessBase"]
[SourceDate "2022.09.30"]
[SourceVersion "1"]
[SourceVersionDate "2022.09.30"]
[SourceQuality "1"]

1. e4 d6 2. d4 Nf6 3. Nc3 e5 4. Nf3 Nbd7 5. a4 Be7 6. Bc4 0-0 7. 0-0 c6 8. h3 h6 9. Re1 Qc7 10. a5 Rd8 11. Be3 Nf8 12. d5 Ng6 13. Nd2 Nh7 14. Bf1 Bg5 15. Nc4 Ne7 16. Bxg5 Nxg5 17. Ne3 Rb8 18. b3 Bd7 19. Qd2 Nh7 20. Red1 b5 21. axb6 axb6 22. dxc6 Bxc6 23. Nb5 Bxb5 24. Bxb5 Nf6 25. Nd5 Nfxd5 26. exd5 Ra8 27. b4 Ra7 28. Qd3 Rda8 29. Rxa7 Rxa7 30. c3 Qd8 31. Bc6 Ng6 32. g3 h5 33. h4 Qf6 34. Qe3 Ra2 35. Bb5 e4 36. Be2 Qf5 37. Kg2 Ne7 38. Bc4 Rb2 39. Rd4 b5 40. Be2 Nxd5 41. Qxe4 Qxe4+ 42. Rxe4 Nxc3 43. Re8+ Kh7 44. Bxh5 g6 45. Bf3 Rxb4 46. Re3 Rc4 47. Rd3 b4 48. Rxd6 Rc5 49. Rb6 Rb5 50. Rxb5 Nxb5 51. Bd5 Kg7 52. Kf1 f5 53. Ke1 Nc3 54. Bb3 Kf6 55. f3 Nb5 56. Kd2 Nd4 57. Bd1 f4 58. gxf4 Ne6 59. Bc2 Nxf4 60. Be4 Ke5 61. Kc2 Kd4 62. Kb3 Kc5 63. Bb1 Ng2 64. Bxg6 Nxh4 65. Be4 Kd4 66. Kxb4 Nxf3 1/2-1/2

[Event "Hollywood Classic 3rd"]
[Site "Los Angeles"]
[Date "2022.08.03"]
[Round "1"]
[White "Mahajan, Rushaan"]
[Black "Zhu, Jack Q"]
[Result "1/2-1/2"]
[WhiteElo "2051"]
[BlackElo "2372"]
[PlyCount "92"]
[EventDate "2022.08.03"]
[EventType "swiss"]
[EventRounds "9"]
[EventCountry "USA"]
[SourceTitle "CBM 209 Extra"]
[Source "ChessBase"]
[SourceDate "2022.09.30"]
[SourceVersion "1"]
[SourceVersionDate "2022.09.30"]
[SourceQuality "1"]

1. Nf3 Nf6 2. g3 d6 3. d4 Nbd7 4. Bg2 g6 5. b3 Bg7 6. Bb2 0-0 7. 0-0 a5 8. a4 e5 9. dxe5 Ng4 10. Qc1 Ngxe5 11. Nbd2 Nxf3+ 12. Nxf3 Nc5 13. Bxg7 Kxg7 14. Qb2+ Qf6 15. Qxf6+ Kxf6 16. Rad1 Re8 17. Nd4 Bd7 18. Rfe1 Re7 19. e3 Rae8 20. Ne2 Bg4 21. Rd2 Bxe2 22. Rexe2 g5 23. Rd4 h5 24. Red2 Kg6 25. Rd1 f6 26. Rc4 Re5 27. Rd2 f5 28. h4 g4 29. Kf1 Kf6 30. Ke1 R8e7 31. Kd1 Ke6 32. Kc1 Ne4 33. Bxe4 fxe4 34. Rcd4 Rd7 35. c4 Rf7 36. Kd1 Kd7 37. Kc2 Ref5 38. Rxe4 Rxf2 39. Rf4 R7xf4 40. exf4 Rf3 41. Rd3 Ke6 42. Kd2 Kf5 43. Re3 Rf2+ 44. Re2 Rf3 45. Re3 Rf2+ 46. Re2 Rf3 1/2-1/2

[Event "North American op 31st"]
[Site "Las Vegas"]
[Date "2021.12.29"]
[Round "7"]
[White "Marek, Matyas"]
[Black "Zhu, Jack Q"]
[Result "1/2-1/2"]
[WhiteElo "2379"]
[BlackElo "2377"]
[PlyCount "40"]
[EventDate "2021.12.26"]
[EventType "swiss"]
[EventRounds "9"]
[EventCountry "USA"]
[SourceTitle "CBM 205 Extra"]
[Source "ChessBase"]
[SourceDate "2022.01.31"]
[SourceVersion "1"]
[SourceVersionDate "2022.01.31"]
[SourceQuality "1"]

1. e4 d6 2. d4 Nf6 3. Nc3 e5 4. Nf3 Nbd7 5. g4 g6 6. g5 Nh5 7. Be3 Bg7 8. Qd2 0-0 9. 0-0-0 c6 10. dxe5 dxe5 11. Kb1 Qe7 12. a4 Re8 13. Qd6 Qxd6 14. Rxd6 Nf4 15. Rd2 Nf8 16. Rg1 Be6 17. Ne2 Nh5 18. Ng3 Nf4 19. Ne2 Nh5 20. Ng3 Nf4 1/2-1/2

[Event "North American op 31st"]
[Site "Las Vegas"]
[Date "2021.12.27"]
[Round "4"]
[White "Ruiz Castillo, Joshua Daniel"]
[Black "Zhu, Jack Q"]
[Result "1/2-1/2"]
[WhiteElo "2480"]
[BlackElo "2377"]
[PlyCount "73"]
[EventDate "2021.12.26"]
[EventType "swiss"]
[EventRounds "9"]
[EventCountry "USA"]
[SourceTitle "CBM 205 Extra"]
[Source "ChessBase"]
[SourceDate "2022.01.31"]
[SourceVersion "1"]
[SourceVersionDate "2022.01.31"]
[SourceQuality "1"]

1. b3 d5 2. Bb2 Bf5 3. d3 c5 4. Nd2 Nc6 5. g3 Nf6 6. Ngf3 Qd7 7. h3 h6 8. Bg2 Rd8 9. e3 g5 10. Qe2 g4 11. hxg4 Bxg4 12. 0-0-0 Rg8 13. e4 d4 14. Rdf1 e5 15. Qe1 b5 16. Nh4 c4 17. dxc4 Nb4 18. Kb1 Qc7 19. Qc1 bxc4 20. Nxc4 Be2 21. a3 Bxc4 22. axb4 Bxf1 23. Qxf1 Qb6 24. Nf3 d3 25. cxd3 Qxb4 26. Qd1 Nxe4 27. Qc2 Rg6 28. dxe4 Rb6 29. Nxe5 Qxb3 30. Nc4 Rc8 31. Nd6+ Bxd6 32. Qxc8+ Ke7 33. Qc2 Be5 34. Qc5+ Bd6 35. Qc2 Be5 36. Qc5+ Bd6 37. Qc2 1/2-1/2

[Event "North American op 28th"]
[Site "Las Vegas"]
[Date "2018.12.30"]
[Round "9"]
[White "Zhu, Jack Q"]
[Black "Mulyar, Michael A"]
[Result "1-0"]
[WhiteElo "2364"]
[BlackElo "2398"]
[PlyCount "171"]
[EventDate "2018.12.26"]
[EventType "swiss"]
[EventRounds "9"]
[EventCountry "USA"]
[SourceTitle "CBM 188 Extra"]
[Source "ChessBase"]
[SourceDate "2019.02.26"]
[SourceVersion "1"]
[SourceVersionDate "2019.02.26"]
[SourceQuality "1"]

1. e4 e5 2. Nf3 Nc6 3. Nc3 Nf6 4. g3 Bc5 5. Bg2 d6 6. 0-0 a6 7. d3 h6 8. Be3 Bg4 9. h3 Bxf3 10. Qxf3 0-0 11. Qd1 Bxe3 12. fxe3 Ne7 13. Qe2 Ng6 14. Rf5 c6 15. Raf1 Nd7 16. Qh5 Qe8 17. h4 Qe6 18. Kh2 Ne7 19. R5f2 Qg6 20. Qxg6 Nxg6 21. Kh3 f6 22. g4 Ne7 23. h5 Nc5 24. Ne2 Ne6 25. Ng3 Ng5+ 26. Kh2 Rfd8 27. d4 Kf8 28. Rd1 Ke8 29. Bf1 Rd7 30. Kg2 Rad8 31. Rfd2 Nf7 32. Kf2 Ng5 33. c3 Nf7 34. a4 Ng5 35. b4 Nf7 36. Bg2 Ng5 37. Rb2 Ra8 38. Ke2 a5 39. Ra1 axb4 40. cxb4 b6 41. a5 Rda7 42. Rba2 Kd7 43. Kd3 Kc7 44. Ne2 bxa5 45. bxa5 Rb8 46. Nc3 Ne6 47. Bf1 exd4 48. exd4 c5 49. d5 Nd4 50. Rb1 Rba8 51. Nb5+ Nxb5 52. Rxb5 Nc8 53. Ke3 Ne7 54. Be2 Ra6 55. Ra1 R8a7 56. Kf4 Ra8 57. Rab1 Rxa5 58. Rb7+ Kd8 59. Bb5 R5a7 60. Bd7 c4 61. Be6 g5+ 62. hxg6 Nxg6+ 63. Kf5 Ne5 64. Kxf6 Rxb7 65. Rxb7 Ra3 66. Bf5 c3 67. Rh7 Rb3 68. Ra7 Nd3 69. Rg7 Ne5 70. Rg8+ Kc7 71. Rc8+ Kb7 72. Ke7 Nf3 73. Kxd6 Nd4 74. Rc4 c2 75. e5 Rb6+ 76. Kd7 Rb5 77. Be4 Ka7 78. e6 Rb7+ 79. Kd8 Rb8+ 80. Ke7 Rb4 81. Rxc2 Nxc2 82. Bxc2 Kb6 83. Bf5 Rb2 84. d6 Rd2 85. d7 Kc7 86. Ke8 1-0

[Event "Philadelphia int op 11th"]
[Site "Philadelphia"]
[Date "2017.06.27"]
[Round "6"]
[White "Peng, David T"]
[Black "Zhu, Jack Q"]
[Result "1-0"]
[WhiteElo "2254"]
[BlackElo "2400"]
[PlyCount "62"]
[EventDate "2017.06.24"]
[EventType "swiss"]
[EventRounds "9"]
[EventCountry "USA"]
[SourceTitle "CBM 179 Extra"]
[Source "ChessBase"]
[SourceDate "2017.08.23"]
[SourceVersion "1"]
[SourceVersionDate "2017.08.23"]
[SourceQuality "1"]

1. e4 c6 2. d4 d5 3. Nd2 dxe4 4. Nxe4 Nd7 5. Nf3 Ngf6 6. Nxf6+ Nxf6 7. g3 Qd5 8. Bg2 Qe4+ 9. Be3 Nd5 10. Qd2 Bh3 11. Bxh3 Qxf3 12. 0-0 e6 13. Bg2 Qh5 14. c4 Nxe3 15. Qxe3 Bd6 16. d5 cxd5 17. cxd5 e5 18. Qb3 0-0-0 19. a4 Kb8 20. a5 Rc8 21. Rfc1 Qg5 22. Rc6 Qe7 23. Bh3 Rcd8 24. Rac1 g6 25. a6 b6 26. Qc4 f5 27. g4 e4 28. gxf5 Qe5 29. Kf1 Qxh2 30. Bg2 e3 31. Rxb6+ axb6 1-0

[Event "Philadelphia op 11th"]
[Site "Philadelphia"]
[Date "2017.04.16"]
[Round "8"]
[White "Zhu, Jack Q"]
[Black "Volkov, Dmitriy"]
[Result "1/2-1/2"]
[WhiteElo "2427"]
[BlackElo "2248"]
[PlyCount "74"]
[EventDate "2017.04.12"]
[EventType "swiss"]
[EventRounds "9"]
[EventCountry "USA"]
[SourceTitle "EXT 2019"]
[Source "ChessBase"]
[SourceDate "2018.10.10"]
[SourceVersion "1"]
[SourceVersionDate "2018.10.10"]
[SourceQuality "1"]

1. e4 c5 2. Nf3 Nc6 3. d4 cxd4 4. Nxd4 Nf6 5. Nc3 e5 6. Ndb5 d6 7. Bg5 a6 8. Na3 b5 9. Nd5 Be7 10. Bxf6 Bxf6 11. c4 b4 12. Nc2 0-0 13. g3 a5 14. h4 a4 15. b3 Nd4 16. Nxd4 exd4 17. bxa4 Be6 18. Bd3 Bxd5 19. cxd5 Qa5 20. 0-0 Qxa4 21. Qxa4 Rxa4 22. Rab1 Rxa2 23. Rxb4 Rd2 24. Ba6 g6 25. Rfb1 Re8 26. Rb8 Rxb8 27. Rxb8+ Kg7 28. Rb3 d3 29. Rxd3 Rxd3 30. Bxd3 Bd4 31. Kg2 Kf6 32. Bc2 Bc5 33. f4 h5 34. Kf3 Bb4 35. Ba4 Ba3 36. Bd7 Ke7 37. Bc8 Kf6 1/2-1/2